[Event "Civil Service Minor op"]
[Site "London"]
[Date "2005.11.06"]
[Round "5"]
[White "Wayte, D Garth"]
[Black "Beggs, Matthew"]
[Result "1/2-1/2"]
[WhiteElo "1408"]
[BlackElo "1448"]
[PlyCount "45"]
[EventDate "2005.11.05"]
[EventType "swiss"]
[EventRounds "5"]
[EventCountry "ENG"]
[SourceTitle "EXT 2007"]
[Source "ChessBase"]
[SourceDate "2006.11.23"]
[SourceVersion "1"]
[SourceVersionDate "2006.11.23"]
[SourceQuality "1"]

1. e4 c5 2. c3 d5 3. exd5 Qxd5 4. d4 Nf6 5. Nf3 Bg4 6. Be2 cxd4 7. Qxd4 Qxd4 8. Nxd4 e5 9. Nf3 Nc6 10. h3 Bh5 11. Be3 Bd6 12. Nbd2 Nd5 13. Nc4 Bc7 14. 0-0-0 Nxe3 15. fxe3 Ke7 16. g4 Bg6 17. Rhf1 Rae8 18. Nh4 Be4 19. Nd2 Bg6 20. Nf5+ Bxf5 21. gxf5 f6 22. e4 Nb8 23. Rg1 1/2-1/2